000
00266nam a2200121Ia 4500
005
20251222141834.0
008
251222s9999||||xx |||||||||||||| ||spa||
082
_a
610/E92
245
0
_a
Banco Comentado:
250
_a
1ra. ed.
264
_b
Estudios M&C
942
_c
LIB
999
_c
7199
_d
7199